| 000 | 00372pab a2200145 454500 | ||
|---|---|---|---|
| 008 | 180718b2002 xxu||||| |||| 00| 0 eng d | ||
| 100 | _aVyas, V.S. | ||
| 245 | _aGlobalisation: hopes, realities and coping strategy | ||
| 260 | _c2002 | ||
| 300 | _ap.1109-114. | ||
| 362 | _a23 Mar | ||
| 650 | _aGlobalization | ||
| 773 | _aEconomic and Political Weekly | ||
| 909 | _a52046 | ||
| 999 |
_c52046 _d52046 |
||